[Event "GER-ch 72nd"]
[Site "Heringsdorf"]
[Date "2000.11.17"]
[Round "1"]
[White "Alber, Horst"]
[Black "Stern, Rene"]
[Result "0-1"]
[WhiteElo "2340"]
[BlackElo "2493"]
[EventDate "2000.11.17"]
[PlyCount "106"]

1. d4 Nf6 2. c4 e6 3. Nf3 d5 4. cxd5 exd5 5. Nc3 c6 6. Bg5 Be7 7. Qc2 g6 8. e3 Bf5 9. Bd3 Bxd3 10. Qxd3 Nbd7 11. Bh6 Bf8 12. Bxf8 Kxf8 13. O-O a5 14. Rac1 Kg7 15. Nd2 Nb6 16. b3 Re8 17. Qc2 Re7 18. a3 Nc8 19. b4 b5 20. Nb3 axb4 21. axb4 Nd6 22. Ra1 Rea7 23. Rxa7 Rxa7 24. Ra1 Rxa1+ 25. Nxa1 Nc4 26. Nb3 Qe7 27. Nc5 Nxe3 28. fxe3 Qxe3+ 29. Kf1 Ng4 30. g3 Qxd4 31. Nd1 Qxb4 32. h3 Ne5 33. Qc3 Qxc3 34. Nxc3 Kf6 35. Ke2 Ke7 36. Ke3 Kd6 37. Nb3 Nd7 38. Kf4 f6 39. Nd4 b4 40. Nb1 Nf8 41. Ke3 Ne6 42. Nf3 c5 43. Nbd2 c4 44. Nd4 Nxd4 45. Kxd4 f5 46. h4 h6 47. Nf3 b3 48. Kc3 Kc5 49. h5 g5 50. Nxg5 d4+ 51. Kd2 c3+ 52. Kc1 b2+ 53. Kb1 hxg5 0-1

[Event "GER-ch 72nd"]
[Site "Heringsdorf"]
[Date "2000.11.17"]
[Round "1"]
[White "Baramidze, David"]
[Black "Paulsen, Dirk"]
[Result "1-0"]
[WhiteElo "2242"]
[BlackElo "2431"]
[EventDate "2000.11.17"]
[PlyCount "71"]

1. e4 g6 2. d4 Nf6 3. Bd3 d6 4. Ne2 Nc6 5. Nbc3 e5 6. d5 Nb8 7. f3 c6 8. Bg5 Nbd7 9. Qd2 h6 10. Bh4 Be7 11. dxc6 bxc6 12. O-O-O Qa5 13. Kb1 Kf8 14. Nc1 Kg7 15. Nb3 Qc7 16. Bf2 Nb6 17. Rhf1 Be6 18. f4 exf4 19. Qxf4 c5 20. Nxc5 Nbd7 21. Nxd7 Nxd7 22. Bd4+ Ne5 23. Nd5 Bxd5 24. exd5 Bg5 25. Qf2 f5 26. h4 Bf6 27. h5 Rab8 28. hxg6 Rhf8 29. Qxf5 Nd7 30. Rde1 Ne5 31. b3 Rbe8 32. Qh3 Qb7 33. Be3 Rh8 34. Rxf6 Kxf6 35. Bxh6 Nxd3 36. Re6+ 1-0

[Event "GER-ch 72nd"]
[Site "Heringsdorf"]
[Date "2000.11.17"]
[Round "1"]
[White "Barmbold, Jens"]
[Black "Naiditsch, Arkadij"]
[Result "0-1"]
[WhiteElo "2270"]
[BlackElo "2449"]
[EventDate "2000.11.17"]
[PlyCount "82"]

1. a3 Nf6 2. g3 d5 3. Bg2 c6 4. Nf3 Bf5 5. O-O e6 6. d3 Be7 7. Nbd2 h6 8. c4 a5 9. Rb1 Na6 10. b3 O-O 11. Bb2 Bh7 12. Rc1 Re8 13. Ne5 Nd7 14. d4 Nxe5 15. dxe5 Nc5 16. Bd4 Nd7 17. c5 Qb8 18. f4 Qa7 19. b4 axb4 20. axb4 Qa3 21. Bc3 Red8 22. Rf3 Qa7 23. Ra1 Qb8 24. Bd4 b6 25. Rxa8 Qxa8 26. Qc1 bxc5 27. bxc5 Qa4 28. Bf2 Ra8 29. Rb3 Qa7 30. Rc3 Qa4 31. e4 Nf8 32. exd5 exd5 33. Nf3 Ne6 34. Bh3 Rb8 35. Bxe6 Rb1 36. Bxf7+ Kxf7 37. e6+ Ke8 38. Ne5 Qa1 39. Qxb1 Qxb1+ 40. Kg2 Be4+ 41. Nf3 Bxf3+ 0-1

[Event "GER-ch 72nd"]
[Site "Heringsdorf"]
[Date "2000.11.17"]
[Round "1"]
[White "Glienke, Manfred"]
[Black "Gutman, Lev"]
[Result "1/2-1/2"]
[WhiteElo "2348"]
[BlackElo "2533"]
[EventDate "2000.11.17"]
[PlyCount "117"]

1. d4 Nf6 2. Nf3 c6 3. c4 g6 4. Nc3 Bg7 5. g3 O-O 6. Bg2 d5 7. cxd5 Nxd5 8. O-O Nxc3 9. bxc3 Qa5 10. Qb3 Nd7 11. Qa3 Qxa3 12. Bxa3 Re8 13. e3 Nb6 14. Nd2 Be6 15. Rfc1 Bd5 16. Rc2 Bxg2 17. Kxg2 Nd5 18. Rb1 b6 19. c4 Nc7 20. Nf3 Rad8 21. Rb3 e5 22. Bb2 e4 23. Ng1 Rb8 24. Ne2 f5 25. Ba3 Red8 26. h4 Kf7 27. Bb4 Rd7 28. Bc3 h6 29. Ra3 Ne8 30. Rb3 g5 31. hxg5 hxg5 32. a4 Nc7 33. Rc1 Bf6 34. Rh1 Kg6 35. Rbb1 Ne6 36. Rbd1 Rbd8 37. a5 f4 38. gxf4 gxf4 39. exf4 Bxd4 40. Bxd4 Nxd4 41. Ng3 Ne2 42. f5+ Kg5 43. Nxe4+ Kxf5 44. Rxd7 Rxd7 45. Ng3+ Nxg3 46. Kxg3 bxa5 47. Rh6 Rc7 48. Kf3 c5 49. Ra6 Ke5 50. Ke3 Rb7 51. f4+ Kf5 52. Rxa5 Rb3+ 53. Kd2 Ke4 54. Rxc5 Kd4 55. Ra5 Rb2+ 56. Kc1 Rf2 57. c5 Kd5 58. f5 Kc6 59. Rxa7 1/2-1/2

[Event "GER-ch 72nd"]
[Site "Heringsdorf"]
[Date "2000.11.17"]
[Round "1"]
[White "Heinzel, Olaf"]
[Black "Stahr, Ralf Peter"]
[Result "1-0"]
[WhiteElo "2389"]
[BlackElo "2144"]
[EventDate "2000.11.17"]
[PlyCount "81"]

1. d4 Nf6 2. Nf3 d5 3. Bf4 e6 4. e3 Bd6 5. Bg3 Bxg3 6. hxg3 Nbd7 7. Bd3 c5 8. c3 h6 9. Nbd2 Qc7 10. Qe2 e5 11. Nxe5 Nxe5 12. dxe5 Qxe5 13. Bb5+ Bd7 14. Bxd7+ Nxd7 15. Qg4 O-O-O 16. Nf3 Qe6 17. Qa4 a6 18. b4 g5 19. bxc5 Nxc5 20. Qd4 Ne4 21. Rb1 f6 22. Qa7 Qc6 23. O-O Qc7 24. Nd4 Rd6 25. Nf5 Re6 26. Rb2 Rh7 27. Rc1 h5 28. Nd4 Rd6 29. c4 b5 30. Qa8+ Kd7 31. c5 Rc6 32. Qg8 Re7 33. Qxd5+ Rd6 34. Qf5+ Kd8 35. Rbc2 Rdd7 36. Ne6+ Rxe6 37. Qxe6 Nd2 38. Qxf6+ Kc8 39. Qxa6+ Kb8 40. Qxb5+ Kc8 41. Qb4 1-0

[Event "GER-ch 72nd"]
[Site "Heringsdorf"]
[Date "2000.11.17"]
[Round "1"]
[White "Holzhaeuer, Mathias"]
[Black "Bischoff, Klaus"]
[Result "1/2-1/2"]
[WhiteElo "2362"]
[BlackElo "2556"]
[EventDate "2000.11.17"]
[PlyCount "38"]

1. e4 Nf6 2. e5 Nd5 3. d4 d6 4. Nf3 Bg4 5. Be2 e6 6. O-O Be7 7. c4 Nb6 8. exd6 cxd6 9. Nbd2 Nc6 10. b3 O-O 11. Bb2 Bf5 12. a3 a5 13. Re1 Bf6 14. Nf1 d5 15. c5 Nd7 16. Rc1 Qb8 17. Ne3 Be4 18. Ng4 Be7 19. Bc3 f5 1/2-1/2

[Event "GER-ch 72nd"]
[Site "Heringsdorf"]
[Date "2000.11.17"]
[Round "1"]
[White "Knuth, Hannes"]
[Black "Enders, Peter"]
[Result "0-1"]
[WhiteElo "2308"]
[BlackElo "2468"]
[EventDate "2000.11.17"]
[PlyCount "102"]

1. d4 d5 2. c4 e6 3. Nf3 c6 4. Nbd2 Nf6 5. Qc2 Be7 6. e4 dxc4 7. Bxc4 b5 8. Bd3 Bb7 9. O-O h6 10. a3 a5 11. Nb3 Nbd7 12. Nc5 Bxc5 13. dxc5 Qe7 14. Be3 Ng4 15. Bd4 e5 16. Bc3 Qxc5 17. b4 axb4 18. axb4 Qe7 19. Rxa8+ Bxa8 20. h3 Ngf6 21. Qb2 O-O 22. Nxe5 Nxe5 23. Bxe5 Rd8 24. Bb1 Ne8 25. Bd4 Bb7 26. f4 Qd7 27. Bb6 Ra8 28. Qc2 g6 29. f5 gxf5 30. Rxf5 Qe6 31. e5 Ra1 32. Rf1 Rxb1 33. Qxb1 Bc8 34. Qe4 Bd7 35. Rd1 Nf6 36. Qh4 Nd5 37. Bd8 Qg6 38. Bf6 Kh7 39. Kh2 Ne3 40. Rd2 Nf1+ 41. Kh1 Nxd2 42. Qd4 Qb1+ 43. Kh2 Nf1+ 44. Kg1 Ne3+ 45. Kh2 Nd5 46. e6 Bxe6 47. Bh8 Qg6 48. Be5 h5 49. Qh4 f6 50. Ba1 Ne3 51. Qf2 Bd5 0-1

[Event "GER-ch 72nd"]
[Site "Heringsdorf"]
[Date "2000.11.17"]
[Round "1"]
[White "Mueller, Karsten"]
[Black "Voekler, Bernd"]
[Result "1/2-1/2"]
[WhiteElo "2513"]
[BlackElo "2345"]
[EventDate "2000.11.17"]
[PlyCount "104"]

1. e4 c5 2. Nf3 d6 3. d4 cxd4 4. Nxd4 Nf6 5. Nc3 a6 6. Bc4 e6 7. Bb3 b5 8. Bg5 Be7 9. Qf3 Qc7 10. e5 Bb7 11. exd6 Bxd6 12. Qe3 Be7 13. O-O-O O-O 14. Bxe6 fxe6 15. Nxe6 Qc6 16. Nxf8 Bxf8 17. Bxf6 Qxf6 18. Nd5 Bxd5 19. Rxd5 Nc6 20. Qe4 Nb4 21. a3 Re8 22. Qxe8 Nxd5 23. Rd1 Nb6 24. b3 Qxf2 25. Qe6+ Kh8 26. Rd8 g6 27. Rxf8+ Qxf8 28. Qxb6 Qxa3+ 29. Kb1 Kg7 30. h4 h5 31. Qe6 Qa5 32. Qe7+ Kg8 33. Qf6 Kh7 34. Kb2 b4 35. Qe7+ Kg8 36. Qd6 Kf7 37. Qf4+ Kg7 38. Qd4+ Kf7 39. Qf4+ Kg7 40. Qd4+ Kf7 41. Kc1 Qb5 42. Kd2 Ke6 43. Qe4+ Kf6 44. Qd3 Qb6 45. Qf3+ Ke6 46. Qe4+ Kf6 47. Qf4+ Ke6 48. Qc4+ Ke5 49. Kd3 Qd6+ 50. Ke3 Qb6+ 51. Kd3 Qd6+ 52. Ke3 Qb6+ 1/2-1/2

[Event "GER-ch 72nd"]
[Site "Heringsdorf"]
[Date "2000.11.17"]
[Round "1"]
[White "Prusikin, Michael"]
[Black "Pfretzschner, Roland"]
[Result "1-0"]
[WhiteElo "2460"]
[BlackElo "2295"]
[EventDate "2000.11.17"]
[PlyCount "65"]

1. Nf3 Nf6 2. c4 c5 3. b3 e6 4. Bb2 Be7 5. e3 b6 6. d4 Bb7 7. Bd3 O-O 8. O-O d6 9. Nc3 Nbd7 10. d5 exd5 11. cxd5 Re8 12. e4 a6 13. a4 Nf8 14. Nd2 Ng6 15. f4 Nd7 16. Nc4 Qc7 17. e5 Bf8 18. e6 fxe6 19. dxe6 Nf6 20. f5 Nh4 21. Ne3 Qc6 22. Bc4 Be7 23. Ned5 Nxg2 24. Kxg2 b5 25. axb5 axb5 26. Bxb5 Nxd5 27. Bxc6 Ne3+ 28. Kg1 Nxd1 29. Bxb7 Rxa1 30. Bxa1 Ne3 31. Bc6 Rb8 32. Rf3 Nc2 33. Nd5 1-0

[Event "GER-ch 72nd"]
[Site "Heringsdorf"]
[Date "2000.11.17"]
[Round "1"]
[White "Riegler, Dieter"]
[Black "Sielecki, Christof"]
[Result "1/2-1/2"]
[WhiteElo "2194"]
[BlackElo "2424"]
[EventDate "2000.11.17"]
[PlyCount "65"]

1. d4 e6 2. c4 b6 3. Nc3 Bb4 4. e4 Bb7 5. Bd3 f5 6. Qh5+ g6 7. Qe2 Nf6 8. f3 Nc6 9. d5 fxe4 10. fxe4 Ne5 11. Nf3 Nxf3+ 12. Qxf3 exd5 13. exd5 Qe7+ 14. Kd1 O-O 15. Bh6 Bxc3 16. Bxf8 Rxf8 17. bxc3 Nxd5 18. Qg3 Nxc3+ 19. Kc2 Ne4 20. Rhe1 Qg7 21. Bxe4 Bxe4+ 22. Kb3 d5 23. Rad1 dxc4+ 24. Kxc4 Qf7+ 25. Kc3 Qf6+ 26. Kb3 Qe6+ 27. Ka3 Qe7+ 28. Kb3 Rf5 29. a4 Qf7+ 30. Ka3 Qf8+ 31. Kb3 Bd5+ 32. Rxd5 Rxd5 33. Qxc7 1/2-1/2

[Event "GER-ch 72nd"]
[Site "Heringsdorf"]
[Date "2000.11.17"]
[Round "1"]
[White "Scheerer, Christoph"]
[Black "Hammes, Michael"]
[Result "1/2-1/2"]
[WhiteElo "2140"]
[BlackElo "2401"]
[EventDate "2000.11.17"]
[PlyCount "145"]

1. e4 e6 2. d3 d5 3. Qe2 Be7 4. Nf3 Nf6 5. g3 b6 6. Nbd2 Bb7 7. Bg2 c5 8. O-O Nc6 9. a3 O-O 10. e5 Ne8 11. c4 Nc7 12. Nb3 a5 13. a4 Nb4 14. Rd1 Qd7 15. Nbd2 dxc4 16. Nxc4 Ncd5 17. Bd2 Bc6 18. b3 Qb7 19. Rdc1 Rad8 20. Bg5 h6 21. Bxe7 Nxe7 22. Nd6 Rxd6 23. exd6 Nf5 24. Rd1 Bxf3 25. Bxf3 Qd7 26. Bg2 Qxd6 27. Qb2 Nd4 28. Rd2 Qe5 29. Kf1 Qf5 30. Be4 Qh5 31. Kg1 f5 32. Bg2 f4 33. Re1 f3 34. Bf1 Qd5 35. Rb1 Rf5 36. Qc3 Re5 37. Qc4 Qd8 38. Rdd1 Ne2+ 39. Kh1 Nd4 40. Re1 Qf6 41. Re4 Rxe4 42. dxe4 Qe5 43. Re1 Kf7 44. Qc3 g5 45. Bd3 Kf6 46. Bb1 g4 47. Rd1 Nbc6 48. Qe3 Qg5 49. Qd3 Qh5 50. Qe3 Qg5 51. Qd3 h5 52. Qa6 h4 53. Qc8 hxg3 54. Qh8+ Ke7 55. hxg3 Nd8 56. Kg1 Nf7 57. Qh7 Ne2+ 58. Kf1 Nc3 59. Re1 Qd2 60. e5 Ne2 61. Qh4+ Qg5 62. Qxg5+ Nxg5 63. Bd3 Nd4 64. Bc4 Kf7 65. Re3 Kg6 66. Bd3+ Kg7 67. Bb1 Kh6 68. Ke1 Kh5 69. Kd2 Nh3 70. Ke1 Kg5 71. Be4 Kh5 72. Bb1 Kg5 73. Be4 1/2-1/2

[Event "GER-ch 72nd"]
[Site "Heringsdorf"]
[Date "2000.11.17"]
[Round "1"]
[White "Valet, Richard"]
[Black "Buhmann, Rainer"]
[Result "0-1"]
[WhiteElo "2148"]
[BlackElo "2416"]
[EventDate "2000.11.17"]
[PlyCount "64"]

1. e4 Nc6 2. Nc3 g6 3. g3 d6 4. Bg2 Bg7 5. d3 Nf6 6. Be3 e5 7. h3 Be6 8. Qd2 h6 9. Nf3 d5 10. exd5 Nxd5 11. Nxd5 Qxd5 12. O-O Qd7 13. Kh2 g5 14. Rad1 O-O-O 15. b4 Nd4 16. Bxd4 exd4 17. a4 Bd5 18. b5 f5 19. Rfe1 Qd6 20. Rb1 f4 21. a5 Rdf8 22. Qe2 Qf6 23. b6 axb6 24. axb6 cxb6 25. Rf1 Re8 26. Qd2 h5 27. gxf4 g4 28. Ng5 Bxg2 29. Kxg2 Bh6 30. Ne4 gxh3+ 31. Kh1 Rxe4 32. dxe4 Qg6 0-1

[Event "GER-ch 72nd"]
[Site "Heringsdorf"]
[Date "2000.11.17"]
[Round "1"]
[White "Zeller, Frank"]
[Black "Braun, Peter"]
[Result "1-0"]
[WhiteElo "2434"]
[BlackElo "2264"]
[EventDate "2000.11.17"]
[PlyCount "115"]

1. e4 c6 2. d4 d5 3. Nc3 dxe4 4. Nxe4 Nd7 5. Bd3 Ngf6 6. Ng5 e6 7. Qe2 Bd6 8. N1f3 h6 9. Ne4 Nxe4 10. Qxe4 Nf6 11. Qe2 Qc7 12. Bd2 b6 13. Ne5 Bb7 14. O-O-O O-O-O 15. Rhe1 c5 16. dxc5 Bxe5 17. Qxe5 Qxe5 18. Rxe5 Nd7 19. Re3 Nxc5 20. Bf1 Ne4 21. Be1 Rxd1+ 22. Kxd1 Rd8+ 23. Kc1 Rd7 24. f3 Nf6 25. c4 Bc6 26. Bc3 Ne8 27. Bd3 h5 28. h4 g6 29. b3 Nc7 30. Be2 b5 31. g4 bxc4 32. bxc4 Ne8 33. gxh5 gxh5 34. Re5 Nd6 35. Rxh5 Nf5 36. Rh8+ Kb7 37. h5 Ng3 38. Bd1 Nxh5 39. Be5 f6 40. Rb8+ Ka6 41. Bc3 Nf4 42. Bxf6 Nd3+ 43. Kb1 Nf4 44. Rd8 Rxd8 45. Bxd8 Nd3 46. Bc7 Ne1 47. f4 Kb7 48. Bd6 Be4+ 49. Kb2 Kc6 50. Bb8 Kb7 51. Be5 Nf3 52. Kc3 Kc6 53. Ba4+ Kc5 54. Bg7 Kd6 55. Bf8+ Kc7 56. Bb5 Kb6 57. Bd7 Bf5 58. Bd6 1-0

[Event "GER-ch 72nd"]
[Site "Heringsdorf"]
[Date "2000.11.18"]
[Round "2"]
[White "Baramidze, David"]
[Black "Prusikin, Michael"]
[Result "0-1"]
[WhiteElo "2242"]
[BlackElo "2460"]
[EventDate "2000.11.17"]
[PlyCount "100"]

1. e4 c5 2. Nf3 b6 3. d4 cxd4 4. Nxd4 Bb7 5. f3 a6 6. c4 e6 7. Nc3 Qc7 8. Be2 Nf6 9. O-O Be7 10. Be3 d6 11. Qd2 O-O 12. Rac1 Nbd7 13. Rfd1 Rfe8 14. Bf1 Rac8 15. Qf2 Qb8 16. Nb3 Bd8 17. Rc2 Bc7 18. g3 Ne5 19. Nc1 Ba8 20. b3 b5 21. Nd3 Neg4 22. fxg4 Nxg4 23. Qe2 Nxe3 24. Qxe3 Bb6 25. c5 Rxc5 26. Nf2 Rec8 27. Rd3 R5c6 28. Qf4 b4 29. Rf3 R8c7 30. Bc4 bxc3 31. Rcxc3 h6 32. Rcd3 Bc5 33. Kf1 Qd8 34. h4 Rb6 35. Qg4 Bc6 36. Nh3 Bb5 37. Bxb5 axb5 38. Nf4 Qf6 39. Rd1 Qe5 40. Nd3 Qd4 41. Nf2 Qb2 42. Nd3 Qxa2 43. Rc1 Rbc6 44. Qf4 Qa7 45. Rd1 e5 46. Qd2 Bd4 47. Nb4 Rc3 48. Rxc3 Rxc3 49. Qe2 Rxb3 50. Qxb5 Qa3 0-1

[Event "GER-ch 72nd"]
[Site "Heringsdorf"]
[Date "2000.11.18"]
[Round "2"]
[White "Bischoff, Klaus"]
[Black "Glienke, Manfred"]
[Result "1/2-1/2"]
[WhiteElo "2556"]
[BlackElo "2348"]
[EventDate "2000.11.17"]
[PlyCount "92"]

1. d4 f5 2. g3 Nf6 3. Bg2 g6 4. c4 Bg7 5. Nc3 O-O 6. Nh3 d6 7. d5 c5 8. Nf4 Na6 9. h4 Nc7 10. a4 Rb8 11. Bd2 a6 12. a5 Bd7 13. Qc2 e5 14. dxe6 Nxe6 15. Nfd5 Bc6 16. O-O Nh5 17. e3 Qe8 18. Ne2 Nf6 19. Nec3 Ng4 20. f3 Nf6 21. f4 Qf7 22. Nxf6+ Qxf6 23. Nd5 Qf7 24. Bc3 Nc7 25. Rad1 Nxd5 26. Bxd5 Bxd5 27. Rxd5 Rbd8 28. Bxg7 Qxg7 29. Rfd1 Qc7 30. Qd2 Rf6 31. b4 cxb4 32. Qxb4 Re8 33. Kf2 Rfe6 34. R1d3 Re4 35. Rxd6 Rxc4 36. Qb3 Kf8 37. Rd2 Re7 38. Qb2 Rc3 39. R6d3 Rxd3 40. Rxd3 Kf7 41. h5 Rd7 42. h6 Ke6 43. Qb3+ Ke7 44. Qb4+ Ke6 45. Qb3+ Ke7 46. Qb4+ Ke6 1/2-1/2

[Event "GER-ch 72nd"]
[Site "Heringsdorf"]
[Date "2000.11.18"]
[Round "2"]
[White "Buhmann, Rainer"]
[Black "Bunzmann, Dimitrij"]
[Result "1/2-1/2"]
[WhiteElo "2416"]
[BlackElo "2484"]
[EventDate "2000.11.17"]
[PlyCount "60"]

1. Nf3 e6 2. c4 b6 3. g3 Bb7 4. Bg2 f5 5. O-O Nf6 6. d3 Nc6 7. Nc3 Bb4 8. Qc2 O-O 9. a3 Bd6 10. b3 a6 11. Bb2 Qe8 12. Na4 Nd8 13. c5 bxc5 14. Nxc5 Bc6 15. Rac1 a5 16. e4 Bxc5 17. Qxc5 fxe4 18. Nd4 Bd5 19. dxe4 Bxe4 20. Bxe4 Nxe4 21. Qxc7 e5 22. Nb5 Nd2 23. Rfd1 Ne6 24. Rxd2 Nxc7 25. Nxc7 Qe7 26. Nxa8 Rxa8 27. Rcd1 Rd8 28. Rd5 e4 29. Bc1 Qe6 30. b4 axb4 1/2-1/2

[Event "GER-ch 72nd"]
[Site "Heringsdorf"]
[Date "2000.11.18"]
[Round "2"]
[White "Gutman, Lev"]
[Black "Riegler, Dieter"]
[Result "1-0"]
[WhiteElo "2533"]
[BlackElo "2194"]
[EventDate "2000.11.17"]
[PlyCount "67"]

1. Nf3 Nf6 2. g3 g6 3. Bg2 Bg7 4. O-O O-O 5. d4 d6 6. a4 Nbd7 7. a5 Rb8 8. c3 e5 9. dxe5 dxe5 10. Na3 Qe7 11. b4 Re8 12. Nc4 h6 13. Qb3 Kh7 14. Rd1 e4 15. Nd4 Nf8 16. a6 Ne6 17. axb7 Nxd4 18. Rxd4 Be6 19. Ra5 Rxb7 20. Qd1 Bxc4 21. Rxc4 Rd8 22. Qc2 Qe6 23. Rac5 Rb6 24. h3 Rbd6 25. Bf4 Rd1+ 26. Kh2 R8d5 27. Rxd5 Qxd5 28. Rc5 Qd8 29. Bxe4 Nxe4 30. Qxe4 f5 31. Qe6 Ra1 32. Rd5 Qa8 33. Be5 Bxe5 34. Qxe5 1-0

[Event "GER-ch 72nd"]
[Site "Heringsdorf"]
[Date "2000.11.18"]
[Round "2"]
[White "Heck, Norbert"]
[Black "Woll, Wilfried"]
[Result "1-0"]
[WhiteElo "2340"]
[BlackElo "2170"]
[EventDate "2000.11.17"]
[PlyCount "137"]

1. Nf3 Nf6 2. c4 c5 3. g3 d5 4. cxd5 Nxd5 5. Bg2 Nc6 6. Nc3 Nb6 7. d3 e5 8. O-O Be7 9. Be3 Be6 10. Rc1 Nd7 11. Nd2 Rc8 12. f4 f6 13. Nc4 exf4 14. gxf4 O-O 15. Ne4 Qc7 16. f5 Bxc4 17. Rxc4 Nce5 18. Rc1 Qa5 19. Qb3+ Kh8 20. Bd2 Qc7 21. Bf4 Qa5 22. Kh1 b5 23. Qe6 Rfe8 24. Bxe5 Nxe5 25. Nxc5 Bxc5 26. Rxc5 Rcd8 27. Qb3 Ng4 28. Bf3 Ne5 29. Be4 Qd2 30. Qc2 Qe3 31. Rc7 Qh3 32. Qc1 Qh5 33. Qe3 Qxh2+ 34. Kxh2 Ng4+ 35. Kg3 Nxe3 36. Rfc1 a6 37. R1c6 Nc4 38. Kf4 Nxb2 39. Rxa6 Rc8 40. Re6 Red8 41. Rb7 Rb8 42. Ree7 Rxb7 43. Rxb7 Na4 44. Rxb5 Nc3 45. Rb2 g5+ 46. fxg6 Nxe4 47. g7+ Kxg7 48. Kxe4 h5 49. a4 Ra8 50. Ra2 Ra5 51. e3 Kf7 52. d4 Ke6 53. Kf4 Kd5 54. Rb2 Rxa4 55. Rb5+ Ke6 56. Rxh5 Kf7 57. Rb5 Ra1 58. Ke4 Re1 59. Rb6 Ke7 60. d5 Rd1 61. Ra6 Rd2 62. Ra7+ Kd6 63. Rf7 Rxd5 64. Rxf6+ Kc5 65. Rf5 Rxf5 66. Kxf5 Kd6 67. e4 Ke7 68. Ke5 Kf7 69. Kd6 1-0

[Event "GER-ch 72nd"]
[Site "Heringsdorf"]
[Date "2000.11.18"]
[Round "2"]
[White "Heinrich, Alexander"]
[Black "Bruch, Jochen"]
[Result "0-1"]
[WhiteElo "2146"]
[BlackElo "2336"]
[EventDate "2000.11.17"]
[PlyCount "142"]

1. e4 c5 2. Nc3 e6 3. g3 Nc6 4. Bg2 g6 5. d3 Bg7 6. Be3 Nd4 7. f4 d6 8. Nf3 Ne7 9. O-O Nec6 10. Rb1 Rb8 11. Ne2 O-O 12. c3 Nxe2+ 13. Qxe2 Qa5 14. Qc2 b5 15. b4 cxb4 16. cxb4 Qa6 17. Rfc1 Bb7 18. Qd2 Rfc8 19. d4 Ne7 20. Qb2 Bc6 21. Ne1 Qb7 22. e5 Nf5 23. Bxc6 Rxc6 24. Rxc6 Qxc6 25. Rc1 Qd5 26. Bf2 h5 27. Rc7 a6 28. Ra7 Ra8 29. Rxa8+ Qxa8 30. Qc3 Bf8 31. a3 Qb7 32. Nc2 Qe4 33. Ne1 Qe2 34. Qc2 Qc4 35. Qxc4 bxc4 36. exd6 Bxd6 37. Nc2 Kf8 38. Kf1 Ke7 39. Ke2 Kd7 40. Kd2 Kc6 41. a4 Bc7 42. Kc3 Kd5 43. b5 axb5 44. axb5 Ba5+ 45. Nb4+ Bxb4+ 46. Kxb4 Nd6 47. Bg1 Ke4 48. Kc3 Nxb5+ 49. Kxc4 Nc7 50. Bf2 Kf3 51. Be1 Nd5 52. Kc5 Ke4 53. Bf2 h4 54. gxh4 Nxf4 55. Kd6 Kf5 56. Ke7 f6 57. Kf7 Nd3 58. Be3 Ne1 59. Kg7 Nf3 60. Bf2 Nxh2 61. Kh7 Nf3 62. Kh6 Nd2 63. Be1 Nc4 64. Bb4 Ne3 65. Kg7 Ng2 66. Be7 Nxh4 67. Bxf6 Nf3 68. Kf7 g5 69. Bg7 g4 70. Ke7 g3 71. Bh6 Nxd4 0-1

[Event "GER-ch 72nd"]
[Site "Heringsdorf"]
[Date "2000.11.18"]
[Round "2"]
[White "Paulsen, Dirk"]
[Black "Pfretzschner, Roland"]
[Result "1-0"]
[WhiteElo "2431"]
[BlackElo "2295"]
[EventDate "2000.11.17"]
[PlyCount "69"]

1. d4 Nf6 2. c4 c5 3. d5 b5 4. cxb5 a6 5. f3 e6 6. dxe6 fxe6 7. e4 c4 8. Nc3 axb5 9. Nxb5 Qa5+ 10. Nc3 Ba6 11. Be3 Bb4 12. Nge2 Nc6 13. a3 Bc5 14. Nd4 Rb8 15. Nxc6 dxc6 16. Bxc5 Qxc5 17. Qd2 O-O 18. b4 Qe5 19. Rc1 Rbd8 20. Qe3 Nd5 21. Qc5 Qf4 22. Ne2 Qh4+ 23. g3 Qh6 24. exd5 Rxd5 25. Qxc6 Bb5 26. Qb6 Rxf3 27. Nf4 Re5+ 28. Be2 Rxf4 29. gxf4 Qh4+ 30. Qf2 Qh6 31. Rc3 Re4 32. O-O Qf6 33. Re3 Rd4 34. Re5 Bc6 35. Qxd4 1-0

[Event "GER-ch 72nd"]
[Site "Heringsdorf"]
[Date "2000.11.18"]
[Round "2"]
[White "Rabiega, Robert"]
[Black "Berezovsky, Igor"]
[Result "1/2-1/2"]
[WhiteElo "2487"]
[BlackElo "2404"]
[EventDate "2000.11.17"]
[PlyCount "83"]

1. e4 e6 2. d3 d5 3. Qe2 Nf6 4. Nf3 Be7 5. g3 c5 6. Bg2 Nc6 7. O-O O-O 8. e5 Nd7 9. c4 Nb6 10. Nc3 Nd4 11. Nxd4 cxd4 12. Nb1 dxc4 13. dxc4 Qc7 14. b3 Nd7 15. Re1 Nc5 16. Bb2 Rd8 17. Rd1 d3 18. Qe3 Bd7 19. Nc3 Bc6 20. Ne4 Nxe4 21. Bxe4 Bg5 22. Qf3 Bxe4 23. Qxe4 d2 24. h4 Be7 25. Bc3 Ba3 26. Rxd2 Rxd2 27. Bxd2 Rd8 28. Bf4 h6 29. Re1 Rd7 30. Kg2 a6 31. Qf3 Qd8 32. Be3 Qc7 33. Qe4 Bc5 34. Bf4 Rd4 35. Qf3 Qd7 36. Re2 Rd1 37. Rc2 Rd3 38. Qg4 Qc6+ 39. Kh2 Kf8 40. Rd2 Rxd2 41. Bxd2 Bxf2 42. Qe2 1/2-1/2

[Event "GER-ch 72nd"]
[Site "Heringsdorf"]
[Date "2000.11.18"]
[Round "2"]
[White "Senff, Martin"]
[Black "Braun, Peter"]
[Result "1/2-1/2"]
[WhiteElo "2354"]
[BlackElo "2264"]
[EventDate "2000.11.17"]
[PlyCount "73"]

1. e4 c6 2. d4 d5 3. e5 Bf5 4. c3 e6 5. Be3 Nd7 6. Nd2 Qb6 7. Qb3 Ne7 8. f4 Nc8 9. Ngf3 Be7 10. Be2 h6 11. O-O O-O 12. h3 Bh7 13. g4 Re8 14. Rf2 a6 15. Rg2 Kh8 16. Rf1 c5 17. Ne1 cxd4 18. cxd4 Na7 19. f5 Nc6 20. Qxb6 Nxb6 21. f6 gxf6 22. exf6 Bf8 23. Nef3 Nd7 24. g5 e5 25. dxe5 Ncxe5 26. Nxe5 Rxe5 27. Bf4 Rxe2 28. Rxe2 Bd3 29. Rfe1 Bxe2 30. Rxe2 hxg5 31. Bxg5 Rc8 32. Nf3 Kh7 33. Rd2 Rc5 34. Kg2 Kg6 35. b4 Rc3 36. Rxd5 Nxf6 37. Nh4+ 1/2-1/2

[Event "GER-ch 72nd"]
[Site "Heringsdorf"]
[Date "2000.11.18"]
[Round "2"]
[White "Sielecki, Christof"]
[Black "Scheerer, Christoph"]
[Result "1/2-1/2"]
[WhiteElo "2424"]
[BlackElo "2140"]
[EventDate "2000.11.17"]
[PlyCount "45"]

1. c4 Nc6 2. Nc3 e5 3. g3 Bc5 4. Bg2 Nf6 5. a3 a6 6. e3 O-O 7. Nge2 Re8 8. O-O d6 9. d4 Ba7 10. h3 Bf5 11. Kh2 h6 12. b3 exd4 13. exd4 Ne4 14. Be3 Bg6 15. Ra2 Rb8 16. Nxe4 Bxe4 17. Bxe4 Rxe4 18. Nc3 Re8 19. Re2 Ne7 20. Rfe1 Nf5 21. Bg5 Qd7 22. Be3 c6 23. Qd3 1/2-1/2

[Event "GER-ch 72nd"]
[Site "Heringsdorf"]
[Date "2000.11.18"]
[Round "2"]
[White "Stahr, Ralf Peter"]
[Black "Knuth, Hannes"]
[Result "0-1"]
[WhiteElo "2144"]
[BlackElo "2308"]
[EventDate "2000.11.17"]
[PlyCount "76"]

1. c4 Nf6 2. Nc3 e5 3. Nf3 Nc6 4. e3 Bb4 5. Qb3 a5 6. Nd5 O-O 7. Nxb4 axb4 8. Be2 d5 9. d3 Be6 10. Bd2 Qd6 11. Rc1 dxc4 12. dxc4 Ne4 13. Qc2 Nxd2 14. Nxd2 Rxa2 15. O-O Qe7 16. Bf3 Na5 17. Ra1 Rxa1 18. Rxa1 b6 19. Rc1 Rd8 20. Be2 g6 21. Nf3 Bf5 22. e4 Bg4 23. c5 Bxf3 24. Bxf3 Qg5 25. cxb6 cxb6 26. Rd1 Rxd1+ 27. Bxd1 Qd8 28. Kf1 b3 29. Qe2 Qd4 30. Ke1 Qb4+ 31. Kf1 Nc4 32. f3 Qd6 33. Ke1 Qd4 34. g4 Nxb2 35. h4 Nd3+ 36. Kf1 Nf4 37. Qe1 b2 38. Bc2 Qc4+ 0-1

[Event "GER-ch 72nd"]
[Site "Heringsdorf"]
[Date "2000.11.18"]
[Round "2"]
[White "Voekler, Bernd"]
[Black "Holzhaeuer, Mathias"]
[Result "1-0"]
[WhiteElo "2345"]
[BlackElo "2362"]
[EventDate "2000.11.17"]
[PlyCount "113"]

1. e4 d5 2. exd5 Nf6 3. d4 Bg4 4. Ne2 Nxd5 5. h3 Bf5 6. Ng3 Bg6 7. c4 Nb4 8. Na3 e5 9. d5 Bc5 10. h4 Qf6 11. Be3 Bxe3 12. fxe3 Qb6 13. Qd2 h5 14. e4 N8a6 15. Nb5 Rd8 16. a3 Nc6 17. Qg5 Ne7 18. Qxe5 f6 19. Qd4 Nc5 20. b4 Nxe4 21. c5 Nxc5 22. bxc5 Qa5+ 23. Qb4 Qxb4+ 24. axb4 Nxd5 25. Rxa7 Nxb4 26. Nxc7+ Kd7 27. Rxb7 Nc2+ 28. Kf2 Kc6 29. Ra7 Rd2+ 30. Kg1 Nd4 31. Na6 Ne6 32. Be2 Rhd8 33. Re7 Nd4 34. Bxh5 Bxh5 35. Nxh5 Rb2 36. Rc7+ Kd5 37. Rh3 Re8 38. Rxg7 Re1+ 39. Kh2 Rbb1 40. Rd3 Ke4 41. Rxd4+ Kxd4 42. Rd7+ Kc4 43. c6 Kb5 44. c7 Rh1+ 45. Kg3 Rb3+ 46. Kg4 Rc3 47. Rd8 Rhc1 48. Nxf6 Kxa6 49. c8=Q+ Rxc8 50. Rxc8 Rxc8 51. Kf5 Kb7 52. h5 Kc7 53. h6 Kd6 54. h7 Rh8 55. g4 Ke7 56. Kg6 Kf8 57. g5 1-0

[Event "GER-ch 72nd"]
[Site "Heringsdorf"]
[Date "2000.11.19"]
[Round "3"]
[White "Berezovsky, Igor"]
[Black "Stern, Rene"]
[Result "1/2-1/2"]
[WhiteElo "2404"]
[BlackElo "2493"]
[EventDate "2000.11.17"]
[PlyCount "47"]

1. d4 Nf6 2. c4 e6 3. Nc3 d5 4. cxd5 exd5 5. Bg5 Be7 6. e3 c6 7. Bd3 Nbd7 8. Nf3 Nh5 9. Bxe7 Qxe7 10. O-O g6 11. Rb1 a5 12. a3 O-O 13. b4 b5 14. e4 axb4 15. axb4 dxe4 16. Bxe4 Ra3 17. Re1 Qd6 18. Qc1 Ra6 19. d5 cxd5 20. Bxd5 Ndf6 21. Rd1 Qb8 22. Qe3 Be6 23. Bxe6 Rxe6 24. Qg5 1/2-1/2